Statistics for Стари и нови имена на столици

Click here to take the quiz!

General Stats

  • This quiz has been taken 17 times
  • The average score is 9 of 36

Answer Stats

Country% Correct
Астана
59%
Осло
59%
Токио
59%
Мексико
53%
Белград
47%
Любляна
41%
Вилнюс
41%
Париж
35%
Загреб
35%
Душанбе
35%
Братислава
35%
Джакарта
29%
Подгорица
29%
Киншаса
29%
Тбилиси
29%
Ашхабад
29%
Бишкек
24%
Ханой
24%
Сеул
24%
Делхи
18%
Талин
18%
Отава
18%
Хараре
18%
Триполи
12%
Рабат
12%
Алжир
12%
Нджамена
12%
Аман
12%
Мапуту
12%
Нейпидау
6%
Санто Доминго
6%
Малабо
6%
Лисабон
6%
Дака
6%
Улан Батор
6%
Банджул
6%

Score Distribution

Percentile by Number Answered

Percent of People with Each Score

Your Score History

You have not taken this quiz